000
00200 a2200097 4500
001
8298
100
_a
Lochnex, L P
245
_a
The goebbels diaries
260
_a
_b
Hamilton
_c
090
_c
6677
_d
6677
942
_a
NUST-CAE
_c
M
_c
33241
999
_c
243371
_d
243371